Седиментационная устойчивость оксидных наночастиц несферической формы; Высокие технологии в современной науке и технике; Т. 1

Bibliografische gegevens
Parent link:Высокие технологии в современной науке и технике: сборник научных трудов II Всероссийской научно-технической конференции молодых ученых, аспирантов и студентов с международным участием, Томск, 27-29 марта 2013 г/ Национальный исследовательский Томский политехнический университет (ТПУ).— , 2013
Т. 1.— 2013.— [С. 189-192]
Hoofdauteur: Карепина Е. Е.
Andere auteurs: Годымчук А. Ю. Анна Юрьевна
Samenvatting:Заглавие с титульного экрана
Taal:Russisch
Gepubliceerd in: 2013
Reeks:Технологии наноматериалов и материалов нового поколения
Onderwerpen:
Online toegang:http://www.lib.tpu.ru/fulltext/c/2013/C17/V1/050.pdf
Formaat: MixedMaterials Elektronisch Hoofdstuk
KOHA link:https://koha.lib.tpu.ru/cgi-bin/koha/opac-detail.pl?biblionumber=235585

MARC

LEADER 00000naa2a2200000 4500
001 235585
005 20260105110427.0
035 |a (RuTPU)RU\TPU\book\256723 
035 |a RU\TPU\book\256710 
090 |a 235585 
100 |a 20130412d2013 k||y0rusy50 ca 
101 0 |a rus 
102 |a RU 
135 |a drcn ---uucaa 
181 0 |a i  
182 0 |a b 
200 1 |a Седиментационная устойчивость оксидных наночастиц несферической формы  |f Е. Е. Карепина, А. Ю. Годымчук 
203 |a Текст  |c электронный 
225 1 |a Технологии наноматериалов и материалов нового поколения 
300 |a Заглавие с титульного экрана 
320 |a [Библиогр.: с. 192 (9 назв.)] 
337 |a Adobe Reader 
461 1 |0 (RuTPU)RU\TPU\book\256460  |t Высокие технологии в современной науке и технике  |o сборник научных трудов II Всероссийской научно-технической конференции молодых ученых, аспирантов и студентов с международным участием, Томск, 27-29 марта 2013 г  |o в 2 т.  |f Национальный исследовательский Томский политехнический университет (ТПУ)  |d 2013 
463 1 |0 (RuTPU)RU\TPU\book\256463  |t Т. 1  |v [С. 189-192]  |d 2013 
610 1 |a труды учёных ТПУ 
610 1 |a электронный ресурс 
610 1 |a седиментационная устойчивость 
610 1 |a оксидные соединения 
610 1 |a наночастицы 
610 1 |a несферичность 
700 1 |a Карепина  |b Е. Е. 
701 1 |a Годымчук  |b А. Ю.  |c специалист в области нанотехнологий и наноматериалов  |c доцент Томского политехнического университета, кандидат технических наук  |f 1978-  |g Анна Юрьевна  |3 (RuTPU)RU\TPU\pers\26193  |9 12001 
801 2 |a RU  |b 63413507  |c 20131118  |g RCR 
856 4 |u http://www.lib.tpu.ru/fulltext/c/2013/C17/V1/050.pdf 
942 |c CF